Statistiques concernant Villes du Canada - Carte Quiz

Cliquez ici pour prendre le quiz!

Statistiques générales

  • Ce quiz a été pris 10 360 fois
  • Le résultat moyen est 8 sur 21

Réponses sur la Carte

Les réponses sont colorées sur une échelle allant du rouge au vert en fonction du pourcentage des utilisateurs qui les ont devinées à leur premier essai. Vous pouvez retrouver ces pourcentages ci-dessous.
 

Statistiques - réponses

Réponse% Correct
Québec
70%
Montréal
68%
Ottawa
59%
Vancouver
59%
Toronto
57%
Saint-Jean
de Terre-Neuve
51%
Calgary
42%
Halifax
38%
Iqaluit
38%
Victoria
37%
Winnipeg
33%
Edmonton
31%
Yellowknife
31%
Regina
28%
Thunder Bay
28%
Charlottetown
26%
Whitehorse
26%
Fredericton
25%
Fort McMurray
23%
Windsor
20%
Sault Ste. Marie
18%

Distribution des résultats

Percentile par nombre de réponses

% des personnes avec chaque résultat

Votre développement - résultats

Vous n’avez pas pris ce quiz